| 000 | 00599nam a2200133Ia 4500 | ||
|---|---|---|---|
| 008 | 171212s9999 xx 000 0 und d | ||
| 020 | _a9781920942519 | ||
| 245 |
_ceditor Cooke, Fadzilah Majid _aState, Communities and Forests In Contemporary Borneo |
||
| 260 |
_bANU E Press _c2006 |
||
| 440 | _aAsia-Pacific Environment Monographs | ||
| 650 | _aEnvironmental Science | ||
| 650 | _aForest management -- Borneo; Forest policy -- Borneo; Forests and forestry -- Borneo; Forestry and community -- Borneo; Land tenure -- Borneo; Land use -- Borneo | ||
| 856 | _uwww.jstor.org/stable/10.2307/j.ctt2jbjv2 | ||
| 999 |
_c351320 _d351320 |
||